000 00770nam a2200253Ia 4500
003 OSt
005 20220925204015.0
006 a|||||r|||| 00| 0
007 ta
008 220923b |||||||| |||| 00| 0 eng d
020 _a0813012198
037 _cGeneral Book
040 _aRTL
_cRTL
_beng
041 _2eng
_aeng
082 _aX9(J).6.N9, N3
100 _aTurner B L Ed.
_9267569
245 0 _aPopulation growth and agricultural change in Afric
260 _aGainesville
_bUniversity Press of Floruda
_c1993
300 _axviii, 461p. Bib chapterwise ; Glossary p 440-43
_ccm.
490 _aCarter Lecture Series
650 _aAgricultural Industry
942 _hX9(J).6.N9, N3
_cGB
_2CC
999 _c548356
_d548356